000 00824nam a2200229Ia 4500
005 20241129105906.0
008 241129s9999||||xx |||||||||||||| ||und||
020 _a978-93-87809-53-6
037 _aTB
040 _aARTS
_bhin
_cARTS
041 _ahin
_2hin
084 _aO152,3N772x R2
_qARTS
100 _aपाण्डेय, मनोज कुमार, ले.
_9556116
245 0 _aमैं और मेरी कहानियॉं
_cपाण्डेय, मनोज कुमार, ले.
250 _aतीसरा संस्करण
260 _aनई दिल्ली, भारत
_bकौटिल्य बुक्स
_c2022
300 _a172पृ0
365 _aINR
_b199
650 _aHindi Fiction
942 _cTB
_hO152,3N772x R2
999 _c1226463
_d1226463